Statistics for 2000 Summer Olympics Medal Count

Click here to take the quiz!

General Stats

  • This quiz has been taken 136 times
    (67 since last reset)
  • The average score is 15 of 20

Answer Stats

MedalsAnswer% Correct
93United States
100%
58China
98%
56Germany
98%
89Russia
98%
38France
97%
28United Kingdom
97%
18Japan
95%
58Australia
92%
14Canada
90%
34Italy
90%
28South Korea
80%
14Poland
75%
25Netherlands
70%
17Hungary
57%
23Ukraine
56%
13Greece
52%
29Cuba
51%
26Romania
51%
13Bulgaria
43%
17Belarus
23%

Score Distribution

Percentile by Number Answered

Percent of People with Each Score

Your Score History

You have not taken this quiz since the last reset